[Event "CAN-ch U14"]
[Site "Quebec"]
[Date "2018.07.03"]
[Round "4.41"]
[White "Leblanc, Alexandre X"]
[Black "Xiao, Edward1111"]
[Result "0-1"]
[WhiteElo "1530"]
[BlackElo "1524"]
[PlyCount "102"]
[EventDate "2018.07.02"]
[EventType "swiss"]
[EventRounds "7"]
[EventCountry "CAN"]
[SourceTitle "EXT 2022"]
[Source "ChessBase"]
[SourceDate "2021.10.06"]
[SourceVersion "1"]
[SourceVersionDate "2021.10.06"]
[SourceQuality "1"]

1. e4 c5 2. Nf3 d6 3. d4 cxd4 4. Nxd4 Nf6 5. Nc3 a6 6. Bg5 e5 7. Nb3 Be6 8. f3 Nbd7 9. Qd2 Be7 10. h3 h6 11. Be3 Nb6 12. g4 Nc4 13. Bxc4 Bxc4 14. f4 Nh7 15. 0-0-0 Bxb3 16. cxb3 Rc8 17. Kb1 Nf6 18. Qh2 Qc7 19. Rc1 exf4 20. Nd5 Qd8 21. Nxf6+ Bxf6 22. Rxc8 Qxc8 23. Bxf4 Qe6 24. Re1 Be5 25. Bxe5 Qxe5 26. Qxe5+ dxe5 27. Rd1 Ke7 28. Rc1 Kd6 29. Kc2 Rc8+ 30. Kd2 Rxc1 31. Kxc1 Kc5 32. Kd2 Kd4 33. Ke2 Kxe4 34. a3 h5 35. b4 hxg4 36. hxg4 Kf4 37. Kf2 Kxg4 38. Ke3 f5 39. Kf2 f4 40. Ke2 f3+ 41. Kf2 e4 42. b3 Kf4 43. b5 axb5 44. a4 bxa4 45. bxa4 e3+ 46. Kg1 e2 47. Kf2 g5 48. a5 g4 49. a6 g3+ 50. Ke1 Ke3 51. axb7 f2# 0-1

[Event "CAN-ch U14"]
[Site "Quebec"]
[Date "2018.07.02"]
[Round "3.47"]
[White "Stopic, Alexander"]
[Black "Leblanc, Alexandre X"]
[Result "0-1"]
[WhiteElo "1662"]
[BlackElo "1530"]
[PlyCount "58"]
[EventDate "2018.07.02"]
[EventType "swiss"]
[EventRounds "7"]
[EventCountry "CAN"]
[SourceTitle "EXT 2022"]
[Source "ChessBase"]
[SourceDate "2021.10.06"]
[SourceVersion "1"]
[SourceVersionDate "2021.10.06"]
[SourceQuality "1"]

1. c4 e5 2. g3 Nf6 3. Bg2 c6 4. Nc3 g6 5. d3 Bg7 6. e4 d6 7. Nge2 Nbd7 8. 0-0 0-0 9. d4 Nb6 10. Qd3 c5 11. d5 Nh5 12. f4 f6 13. b3 Qe7 14. fxe5 fxe5 15. Be3 Bd7 16. Qd2 Rxf1+ 17. Rxf1 Rf8 18. Bh6 Rxf1+ 19. Bxf1 Bxh6 20. Qxh6 a5 21. a4 Qf6 22. Kg2 Bh3+ 23. Kxh3 Qxf1+ 24. Kh4 Qg2 25. h3 Qf3 26. Qg5 Nf6 27. g4 Kg7 28. Ng3 Qf2 29. Nb5 h6 0-1